Tilastot visalle Kirjaimella N alkavien valtioiden muodot

Klikkaa tästä pelataksesi tätä visaa!

Yleistilastot

  • Tätä visaa on pelattu 647 kertaa
  • Keskiarvotulos 6 / 8

Vastaustilastot

Vastaus% Oikein
Norja
99%
Namibia
85%
Nepal
83%
Nigeria
77%
Niger
74%
Nauru
71%
Nicaragua
61%
Norsunluurannikko
59%

Tulosjakauma

Persentiili vastausten määrän mukaan

Jokaisen tuloksen saaneiden osuus

Tuloshistoriasi

Et ole pelannut tätä visaa